LEADER 03708nam 22005055 450 001 9910866584903321 005 20260327144149.0 010 $a9783031604454$b(electronic bk.) 010 $z9783031604447 024 7 $a10.1007/978-3-031-60445-4 035 $a(MiAaPQ)EBC31500902 035 $a(Au-PeEL)EBL31500902 035 $a(CKB)32331409900041 035 $a(DE-He213)978-3-031-60445-4 035 $a(EXLCZ)9932331409900041 100 $a20240621d2024 u| 0 101 0 $aeng 135 $aurcnu|||||||| 181 $ctxt$2rdacontent 182 $cc$2rdamedia 183 $acr$2rdacarrier 200 10$aAdvances in Revision Total Knee Arthroplasty /$fedited by E. Carlos Rodríguez-Merchán 205 $a1st ed. 2024. 210 1$aCham :$cSpringer Nature Switzerland :$cImprint: Springer,$d2024. 215 $a1 online resource (154 pages) 311 08$aPrint version: Rodríguez-Merchán, E. Carlos Advances in Revision Total Knee Arthroplasty Cham : Springer,c2024 9783031604447 327 $aChapter 1. The burden of revision total knee arthroplasty -- Chapter 2. The impact of tobacco use on revision total knee arthroplasty outcomes -- Chapter 3. The impact of obesity on revision total knee arthroplasty outcomes -- Chapter 4. Impact of preoperative opioid use on patient-reported outcomes after revision total knee arthroplasty -- Chapter 5. Assessment of patient satisfaction following revision total knee arthroplasty -- Chapter 6. Isolated versus full component revision in total knee arthroplasty for aseptic loosening -- Chapter 7. Wound complications following revision total knee arthroplasty -- Chapter 8. One-stage revision for periprosthetic joint infection -- Chapter 9. Two-stage revision for periprosthetic joint infection -- Chapter 10. Revision total knee arthroplasty for arthrofibrosis -- Chapter 11. Revision total knee arthroplasty for implant-related metal allergy -- Chapter 12. Robotic-assisted revision total joint arthroplasty -- Chapter 13. Metal augments, polyethylene thickness and stem length affect tibial baseplate load transfer in revision total knee arthroplasty -- Chapter 14. Cementless porous-coated metaphyseal sleeves used for bone defects in revision total knee arthroplasty -- Chapter 15. Chronic extensor mechanism failure after primary or revision total knee arthroplasty: reconstructive and augmentation options -- Chapter 16. Artificial intelligence in revision total knee arthroplasty -- Chapter 17. Re-revision total knee arthroplasty. 330 $aThis book offers a comprehensive guide to revision total knee arthroplasty, a complex surgical procedure with increasing numbers due to the aging world's population. Covering both septic and aseptic prosthetic failure, it presents an updated overview of available surgical techniques ? from one or two-stage revision for periprosthetic joint infection to robot-assisted total joint arthroplasty. Moreover, the authors explore the current role and future potentialities of artificial intelligence. This volume offers the reader state-of-the-art information aiming to illuminate contentious topics in the field. 606 $aOrthopedic surgery 606 $aSurgical Orthopedics 606 $aArtroplàstia$2thub 606 $aGenoll$2thub 608 $aLlibres electrònics$2thub 615 0$aOrthopedic surgery. 615 14$aSurgical Orthopedics. 615 7$aArtroplàstia 615 7$aGenoll 676 $a617.47 700 $aRodríguez-Merchán$b E. Carlos$0989085 801 0$bMiAaPQ 801 1$bMiAaPQ 801 2$bMiAaPQ 912 $a9910866584903321 996 $aAdvances in Revision Total Knee Arthroplasty$94557903 997 $aUNINA